00503 2200193 4500001002100000008004100021035002000062245004200082100001600124250001000140260004300150300002800193020002200221084001600243082001000259650001800269990001100287990001100298INLIS000000000014920 ind  a0010-1022000238 aIkigaicK.A Dachune;penyunting; Melan aK.A DACHUNE acet.1 aYogyakarta :bHikaru Publishing,c2018 a398 hlm.: ilus.c19 cm. a978-602-51828-3-9 a808.3 DAC i a808.3 aSASTRA, NOVEL a9771 a a9771 b